<?xml version="1.0" encoding="UTF-8"?>
<record
    xmlns:xsi="http://www.w3.org/2001/XMLSchema-instance"
    xsi:schemaLocation="http://www.loc.gov/MARC21/slim http://www.loc.gov/standards/marcxml/schema/MARC21slim.xsd"
    xmlns="http://www.loc.gov/MARC21/slim">

  <leader>00555nam a22001937a 4500</leader>
  <controlfield tag="003">OSt</controlfield>
  <controlfield tag="005">20250206160327.0</controlfield>
  <controlfield tag="008">230306b        |||||||| |||| 00| 0 eng d</controlfield>
  <datafield tag="020" ind1=" " ind2=" ">
    <subfield code="a">9781292251097</subfield>
  </datafield>
  <datafield tag="040" ind1=" " ind2=" ">
    <subfield code="c">Chuka university Library</subfield>
  </datafield>
  <datafield tag="050" ind1=" " ind2=" ">
    <subfield code="a">KD 404 </subfield>
    <subfield code="b">.F67 2019</subfield>
  </datafield>
  <datafield tag="100" ind1=" " ind2=" ">
    <subfield code="a">Foster,Steve</subfield>
    <subfield code="9">8422</subfield>
  </datafield>
  <datafield tag="245" ind1=" " ind2=" ">
    <subfield code="a">Legal Writing Skills: A Guide to writing Essays and Answering Problem Questions/</subfield>
  </datafield>
  <datafield tag="250" ind1=" " ind2=" ">
    <subfield code="a">5th ed</subfield>
  </datafield>
  <datafield tag="260" ind1=" " ind2=" ">
    <subfield code="a">UK</subfield>
    <subfield code="b">Pearson Education Limited</subfield>
    <subfield code="c">2019</subfield>
  </datafield>
  <datafield tag="300" ind1=" " ind2=" ">
    <subfield code="a">376p.</subfield>
  </datafield>
  <datafield tag="650" ind1=" " ind2=" ">
    <subfield code="a">writing skills</subfield>
    <subfield code="9">8423</subfield>
  </datafield>
  <datafield tag="942" ind1=" " ind2=" ">
    <subfield code="2">lcc</subfield>
    <subfield code="c">BK</subfield>
    <subfield code="n">0</subfield>
    <subfield code="0">2</subfield>
  </datafield>
  <datafield tag="952" ind1=" " ind2=" ">
    <subfield code="0">0</subfield>
    <subfield code="1">0</subfield>
    <subfield code="2">lcc</subfield>
    <subfield code="4">0</subfield>
    <subfield code="7">0</subfield>
    <subfield code="a">CHK</subfield>
    <subfield code="b">CHK</subfield>
    <subfield code="c">LAW</subfield>
    <subfield code="d">2023-03-08</subfield>
    <subfield code="l">2</subfield>
    <subfield code="o">KD 404 .F67 2019</subfield>
    <subfield code="p">2138/2022</subfield>
    <subfield code="q">2025-02-20</subfield>
    <subfield code="r">2025-02-06 00:00:00</subfield>
    <subfield code="s">2025-02-06</subfield>
    <subfield code="w">2023-03-08</subfield>
    <subfield code="y">BK</subfield>
  </datafield>
  <datafield tag="999" ind1=" " ind2=" ">
    <subfield code="c">13717</subfield>
    <subfield code="d">13717</subfield>
  </datafield>
</record>
